{"text_format":"1","workbook":"xlsx","n_sheets":2,"sheets":["Faktura","DS"],"not_rendered":{"charts":0,"images":2,"macros":1,"external_links":1,"defined_names":4,"comments":0,"pivot_tables":0},"unopened":[],"bounds":{"document_bytes":16777216,"sheet_cells":100000,"rows_first":2000,"rows_last":500,"rows_between":2000,"halvings":0,"cell_chars":16384,"cell_head_chars":4096},"cells_cut":0,"cells_raw":0,"read":"whole","date_system":"1900"}

{"sheet":"Faktura","index":0,"n_rows":17,"n_cols":13,"rows_kept":17,"cut":false,"hidden":false,"merged":[[15,9,15,10],[15,11,15,12],[16,4,16,5],[16,9,16,10],[0,0,16,0],[2,11,2,12],[8,8,8,12],[9,8,9,12],[10,8,10,12],[11,8,11,11],[13,9,13,10],[13,11,13,12],[14,9,14,10],[14,11,14,12]]}
["OPRAVA",null,null,null,null,null,null,null,{"$f":"IF(E1=\"\",\"\",IFERROR(VLOOKUP(B1,'[1]Akční ceníky'!A:O,12,0),VLOOKUP(E1,[1]Zboží!A:AE,VLOOKUP($F$7,[1]Zákazníci!A:O,15,0)+11,0)))","v":""}]
[null,null,null,null,{"$f":"IF(M2=\"FAKTURA\",\"DAŇOVÝ DOKLAD\",\"\")","v":""},null,null,null,null,null,null,null,{"$f":"IFERROR(IF(VLOOKUP(I7,[1]Zákazníci!B:C,2,0)=\"Odběratel\",IF(VLOOKUP(I7,[1]Zákazníci!B:N,13,0)=1,\"FAKTURA\",\"DODACÍ LIST\"),\"DODACÍ LIST PŘIJATÝ\"),\"\")","v":""}]
[null,null,null,null,"Dodavatel:",null,null,null,null,{"$f":"IFERROR(IF(VLOOKUP(I7,[1]Zákazníci!B:N,13,0)=1,\"Číslo faktury:\",\"Číslo dod. Listu:\"),\"\")","v":""},null,22100052]
[null,null,null,null,null,null,null,null,null,{"$f":"IFERROR(IF(VLOOKUP(I7,[1]Zákazníci!B:N,13,0)=1,\"Číslo dod. listu\",\"\"),\"\")","v":""},null,null,{"$f":"IF(F7=\"\",\"\",IF(M2=\"DODACÍ LIST\",\"\",IF(M2=\"DODACÍ LIST PŘIJATÝ\",\"\",MAX([1]DS!AB:AB)+1)))","v":""}]
[null,null,null,null,null,null,null,null,null,{"$f":"IF(M2=\"FAKTURA\",\"Variabilní symbol:\",\"\")","v":""},null,null,{"$f":"IF(M2=\"FAKTURA\",$L$3,\"\")","v":""}]
[null,null,null,null,null,null,null,null,null,{"$f":"IF($L$15=\"Hotově\",\"Číslo pokladního dokladu:\",\"\")","v":""},null,null,{"$f":"IF($L$15=\"Hotově\",MAX([1]DS!AD:AD)+1,\"\")","v":""}]
[null,null,null,null,"Příjemce:",null,null,"Odběratel:",null,null,null,{"$f":"IF(VLOOKUP('[1]Faktura opis'!I7,[1]Zákazníci!B:C,2,0)=\"Odběratel\",\"\",\"Číslo dokladu dodavatele:\")","v":""}]
[]
[]
[]
[]
[]
[]
[null,null,null,null,"Na účet:",null,null,"Řidič:",null,"Datum splatnosti:",null,{"$f":"IFERROR(L16+VLOOKUP(I7,[1]Zákazníci!B:Q,16,0),\"\")","v":""}]
[null,null,null,null,"IBAN:",null,null,"Auto:",null,"Způsob úhrady:",null,{"$f":"IFERROR(VLOOKUP(VLOOKUP(I7,[1]Zákazníci!B:P,15,0),[1]Nastavení!$B$16:$C$17,2,0),\"\")","v":""}]
[null,null,null,null,"SWIFT:",null,null,"Linka",null,{"$f":"IFERROR(IF(M2=\"DODACÍ LIST PŘIJATÝ\",\"Datum příjmu:\",\"Datum zdanit. plnění:\"),\"\")","v":"Datum zdanit. plnění:"}]
[null,null,null,null,null,null,null,null,null,{"$f":"IFERROR(IF($M$2=\"DODACÍ LIST PŘIJATÝ\",\"Přijal:\",\"Vystavil:\"),\"\")","v":"Vystavil:"}]

{"sheet":"DS","index":1,"n_rows":107,"n_cols":45,"rows_kept":107,"cut":false,"hidden":false,"merged":[]}
["OČV","Název","Mj","Množ.","Cena/mj","% DPH","Celkem bez DPH","Celkem s DPH","Poznámka","DPH","Šarže","Datum spotřeby","Datum","Č. příjemce","Č. zákazník","IČ","DIČ","Příjemce","Jméno","Ulice","Město","Telefon","Zákazník","Typ fakturace","Druh zboží","Sklad","Období","Dod. list","Faktura","Pok. dokl.","DL přijatý","DLP dod","Celní číslo","Řidič","Linka","Popis linky","Skladový pohyb","Hr.fakt","Příjemce2","Zákazník2","Kg","Název produktu","Doklad","Kategorie produktu","Druh zákazníka"]
[9,0,0,0,0,0,0,0,"PN",0,0,null,"00:00:00",0,0,0,0,0,0,0,0,0,0,0,0,0,0,12100000,22100000,32100000,42100000,"",0,0,0,0,0,"","",0,"","",12100000,"",""]
[1068,"Poličan","kg",1.59,149,15,236.91000000000003,272.44650000000001,"N",35.536500000000004,null,null,"2021-02-15",407700,407700,"IČ: 27345769     DIČ: CZ6460287262",0,"Thi Vân Anh Nguyen",0,"Koštice 216","Koštice",0,"Thi Vân Anh Nguyen",1,3,40,"02_2021",32100044,22100045,32100041,"","",0,"Roman Brousil","Nemá závoz","",-1.59,"","407700 - Thi Vân Anh Nguyen, Koštice 216",407700,1.59,"1068 Poličan (kg/1)",32100044,"Trvanlivé tepelně neopracované","Odběratel"]
[1067,"Slovenský točený salám","kg",1.99,39.9,15,79.400999999999996,91.311149999999998,"N",11.910149999999998,null,null,"2021-02-15",407700,407700,"IČ: 27345769     DIČ: CZ6460287262",0,"Thi Vân Anh Nguyen",0,"Koštice 216","Koštice",0,"Thi Vân Anh Nguyen",1,3,40,"02_2021",32100044,22100045,32100041,"","",0,"Roman Brousil","Nemá závoz","",-1.99,"","407700 - Thi Vân Anh Nguyen, Koštice 216",407700,1.99,"1067 Slovenský točený salám (kg/1)",32100044,"Sekané uzeniny","Odběratel"]
[1019,"Javořické párky","kg",2.2200000000000002,61,15,135.42000000000002,155.733,"N",20.313000000000002,null,null,"2021-02-15",407700,407700,"IČ: 27345769     DIČ: CZ6460287262",0,"Thi Vân Anh Nguyen",0,"Koštice 216","Koštice",0,"Thi Vân Anh Nguyen",1,3,40,"02_2021",32100044,22100045,32100041,"","",0,"Roman Brousil","Nemá závoz","",-2.2200000000000002,"","407700 - Thi Vân Anh Nguyen, Koštice 216",407700,2.2200000000000002,"1019 Javořické párky (kg/1)",32100044,"Sekané uzeniny","Odběratel"]
[1013,"Gothajský salám","kg",4.7300000000000004,55,15,260.15000000000003,299.17250000000001,"N",39.022500000000008,null,null,"2021-02-15",407700,407700,"IČ: 27345769     DIČ: CZ6460287262",0,"Thi Vân Anh Nguyen",0,"Koštice 216","Koštice",0,"Thi Vân Anh Nguyen",1,3,40,"02_2021",32100044,22100045,32100041,"","",0,"Roman Brousil","Nemá závoz","",-4.7300000000000004,"","407700 - Thi Vân Anh Nguyen, Koštice 216",407700,4.7300000000000004,"1013 Gothajský salám (kg/1)",32100044,"Měkké uzeniny","Odběratel"]
[1156,"Vídeňský šunkový salám","kg",4.6500000000000004,105,15,488.25000000000006,561.48750000000007,"N",73.237500000000011,null,null,"2021-02-15",407700,407700,"IČ: 27345769     DIČ: CZ6460287262",0,"Thi Vân Anh Nguyen",0,"Koštice 216","Koštice",0,"Thi Vân Anh Nguyen",1,3,40,"02_2021",32100044,22100045,32100041,"","",0,"Roman Brousil","Nemá závoz","",-4.6500000000000004,"","407700 - Thi Vân Anh Nguyen, Koštice 216",407700,4.6500000000000004,"1156 Vídeňský šunkový salám (kg/1)",32100044,"Měkké uzeniny","Odběratel"]
[1185,"Kuřecí šunka z prsou","kg",2.96,110,15,325.60000000000002,374.44,"N",48.84,null,null,"2021-02-15",407700,407700,"IČ: 27345769     DIČ: CZ6460287262",0,"Thi Vân Anh Nguyen",0,"Koštice 216","Koštice",0,"Thi Vân Anh Nguyen",1,3,40,"02_2021",32100044,22100045,32100041,"","",0,"Roman Brousil","Nemá závoz","",-2.96,"","407700 - Thi Vân Anh Nguyen, Koštice 216",407700,2.96,"1185 Kuřecí šunka z prsou (kg/1)",32100044,"Drůbeží uzeniny","Odběratel"]
[1038,"Debrecínská pečeně VB","kg",2.27,130,15,295.10000000000002,339.36500000000001,"N",44.265000000000001,null,null,"2021-02-15",407700,407700,"IČ: 27345769     DIČ: CZ6460287262",0,"Thi Vân Anh Nguyen",0,"Koštice 216","Koštice",0,"Thi Vân Anh Nguyen",1,3,40,"02_2021",32100044,22100045,32100041,"","",0,"Roman Brousil","Nemá závoz","",-2.27,"","407700 - Thi Vân Anh Nguyen, Koštice 216",407700,2.27,"1038 Debrecínská pečeně VB (kg/1)",32100044,"Speciality","Odběratel"]
[1030,"Dušená šunka","kg",3.1,89,15,275.90000000000003,317.28500000000003,"N",41.385000000000012,null,null,"2021-02-15",407700,407700,"IČ: 27345769     DIČ: CZ6460287262",0,"Thi Vân Anh Nguyen",0,"Koštice 216","Koštice",0,"Thi Vân Anh Nguyen",1,3,40,"02_2021",32100044,22100045,32100041,"","",0,"Roman Brousil","Nemá závoz","",-3.1,"","407700 - Thi Vân Anh Nguyen, Koštice 216",407700,3.1,"1030 Dušená šunka (kg/1)",32100044,"Speciality","Odběratel"]
[1183,"Salátový salám","kg",2.89,38,15,109.82000000000001,126.29300000000001,"N",16.473000000000003,null,null,"2021-02-15",407700,407700,"IČ: 27345769     DIČ: CZ6460287262",0,"Thi Vân Anh Nguyen",0,"Koštice 216","Koštice",0,"Thi Vân Anh Nguyen",1,3,40,"02_2021",32100044,22100045,32100041,"","",0,"Roman Brousil","Nemá závoz","",-2.89,"","407700 - Thi Vân Anh Nguyen, Koštice 216",407700,2.89,"1183 Salátový salám (kg/1)",32100044,"Měkké uzeniny","Odběratel"]
[1166,"Kostelecký šunkový salám","kg",2.3199999999999998,87,15,201.83999999999997,232.11599999999999,"N",30.275999999999996,null,null,"2021-02-15",407700,407700,"IČ: 27345769     DIČ: CZ6460287262",0,"Thi Vân Anh Nguyen",0,"Koštice 216","Koštice",0,"Thi Vân Anh Nguyen",1,3,40,"02_2021",32100044,22100045,32100041,"","",0,"Roman Brousil","Nemá závoz","",-2.3199999999999998,"","407700 - Thi Vân Anh Nguyen, Koštice 216",407700,2.3199999999999998,"1166 Kostelecký šunkový salám (kg/1)",32100044,"Měkké uzeniny","Odběratel"]
[1050,"Anglická slanina lisovaná","kg",1.62,149,15,241.38000000000002,277.58700000000005,"N",36.207000000000001,null,null,"2021-02-15",407700,407700,"IČ: 27345769     DIČ: CZ6460287262",0,"Thi Vân Anh Nguyen",0,"Koštice 216","Koštice",0,"Thi Vân Anh Nguyen",1,3,40,"02_2021",32100044,22100045,32100041,"","",0,"Roman Brousil","Nemá závoz","",-1.62,"","407700 - Thi Vân Anh Nguyen, Koštice 216",407700,1.62,"1050 Anglická slanina lisovaná (kg/1)",32100044,"Uzené maso","Odběratel"]
[1044,"Játrový sýr","kg",0.88,92,15,80.959999999999994,93.103999999999999,"N",12.143999999999998,null,null,"2021-02-15",407700,407700,"IČ: 27345769     DIČ: CZ6460287262",0,"Thi Vân Anh Nguyen",0,"Koštice 216","Koštice",0,"Thi Vân Anh Nguyen",1,3,40,"02_2021",32100044,22100045,32100041,"","",0,"Roman Brousil","Nemá závoz","",-0.88,"","407700 - Thi Vân Anh Nguyen, Koštice 216",407700,0.88,"1044 Játrový sýr (kg/1)",32100044,"Vařené uzeniny","Odběratel"]
[1130,"Uzený sýr salámový","kg",1.35,139,15,187.65,215.79750000000001,"N",28.147500000000001,null,null,"2021-02-15",407700,407700,"IČ: 27345769     DIČ: CZ6460287262",0,"Thi Vân Anh Nguyen",0,"Koštice 216","Koštice",0,"Thi Vân Anh Nguyen",1,3,40,"02_2021",32100044,22100045,32100041,"","",0,"Roman Brousil","Nemá závoz","",-1.35,"","407700 - Thi Vân Anh Nguyen, Koštice 216",407700,1.35,"1130 Uzený sýr salámový (kg/1)",32100044,"Sýry","Odběratel"]
[1025,"Herkules 90g","ks",5,15.9,15,79.5,91.424999999999997,"N",11.925000000000001,null,null,"2021-02-15",407700,407700,"IČ: 27345769     DIČ: CZ6460287262",0,"Thi Vân Anh Nguyen",0,"Koštice 216","Koštice",0,"Thi Vân Anh Nguyen",1,3,40,"02_2021",32100044,22100045,32100041,"","",0,"Roman Brousil","Nemá závoz","",-5,"","407700 - Thi Vân Anh Nguyen, Koštice 216",407700,0.44999999999999996,"1025 Herkules 90g (ks/0,09)",32100044,"Uzeniny krájené VB","Odběratel"]
[1105,"Poličan 90g","ks",5,15.9,15,79.5,91.424999999999997,"N",11.925000000000001,null,null,"2021-02-15",407700,407700,"IČ: 27345769     DIČ: CZ6460287262",0,"Thi Vân Anh Nguyen",0,"Koštice 216","Koštice",0,"Thi Vân Anh Nguyen",1,3,40,"02_2021",32100044,22100045,32100041,"","",0,"Roman Brousil","Nemá závoz","",-5,"","407700 - Thi Vân Anh Nguyen, Koštice 216",407700,0.44999999999999996,"1105 Poličan 90g (ks/0,09)",32100044,"Uzeniny krájené VB","Odběratel"]
[1227,"Paprikáš 90g","ks",5,15.9,15,79.5,91.424999999999997,"N",11.925000000000001,null,null,"2021-02-15",407700,407700,"IČ: 27345769     DIČ: CZ6460287262",0,"Thi Vân Anh Nguyen",0,"Koštice 216","Koštice",0,"Thi Vân Anh Nguyen",1,3,40,"02_2021",32100044,22100045,32100041,"","",0,"Roman Brousil","Nemá závoz","",-5,"","407700 - Thi Vân Anh Nguyen, Koštice 216",407700,0.44999999999999996,"1227 Paprikáš 90g (ks/0,09)",32100044,"Uzeniny krájené VB","Odběratel"]
[1089,"Uzený sýr 100g","ks",5,16,15,80,92,"N",12,null,null,"2021-02-15",407700,407700,"IČ: 27345769     DIČ: CZ6460287262",0,"Thi Vân Anh Nguyen",0,"Koštice 216","Koštice",0,"Thi Vân Anh Nguyen",1,3,40,"02_2021",32100044,22100045,32100041,"","",0,"Roman Brousil","Nemá závoz","",-5,"","407700 - Thi Vân Anh Nguyen, Koštice 216",407700,5,"1089 Uzený sýr 100g (ks/1)",32100044,"Sýry","Odběratel"]
[1185,"Kuřecí šunka z prsou","kg",5.93,110,15,652.29999999999995,750.14499999999998,"N",97.844999999999999,null,null,"2021-02-15",416800,416800,"IČ: 68441894     DIČ: CZ7203259943",0,"Van Van Bui",0,"Školní 78","Libčeves",0,"Van Van Bui",1,3,40,"02_2021",32100045,22100046,32100042,"","",0,"Roman Brousil","Nemá závoz","",-5.93,"","416800 - Van Van Bui, Školní 78",416800,5.93,"1185 Kuřecí šunka z prsou (kg/1)",32100045,"Drůbeží uzeniny","Odběratel"]
[1030,"Dušená šunka","kg",12.45,89,15,1108.05,1274.2574999999999,"N",166.20750000000001,null,null,"2021-02-15",416800,416800,"IČ: 68441894     DIČ: CZ7203259943",0,"Van Van Bui",0,"Školní 78","Libčeves",0,"Van Van Bui",1,3,40,"02_2021",32100045,22100046,32100042,"","",0,"Roman Brousil","Nemá závoz","",-12.45,"","416800 - Van Van Bui, Školní 78",416800,12.45,"1030 Dušená šunka (kg/1)",32100045,"Speciality","Odběratel"]
[1166,"Kostelecký šunkový salám","kg",2.33,87,15,202.71,233.1165,"N",30.406500000000001,null,null,"2021-02-15",416800,416800,"IČ: 68441894     DIČ: CZ7203259943",0,"Van Van Bui",0,"Školní 78","Libčeves",0,"Van Van Bui",1,3,40,"02_2021",32100045,22100046,32100042,"","",0,"Roman Brousil","Nemá závoz","",-2.33,"","416800 - Van Van Bui, Školní 78",416800,2.33,"1166 Kostelecký šunkový salám (kg/1)",32100045,"Měkké uzeniny","Odběratel"]
[1091,"Junior","kg",3.54,59,15,208.86,240.18900000000002,"N",31.329000000000001,null,null,"2021-02-15",416800,416800,"IČ: 68441894     DIČ: CZ7203259943",0,"Van Van Bui",0,"Školní 78","Libčeves",0,"Van Van Bui",1,3,40,"02_2021",32100045,22100046,32100042,"","",0,"Roman Brousil","Nemá závoz","",-3.54,"","416800 - Van Van Bui, Školní 78",416800,3.54,"1091 Junior (kg/1)",32100045,"Měkké uzeniny","Odběratel"]
[1038,"Debrecínská pečeně VB","kg",2.12,130,15,275.60000000000002,316.94000000000005,"N",41.34,null,null,"2021-02-15",416800,416800,"IČ: 68441894     DIČ: CZ7203259943",0,"Van Van Bui",0,"Školní 78","Libčeves",0,"Van Van Bui",1,3,40,"02_2021",32100045,22100046,32100042,"","",0,"Roman Brousil","Nemá závoz","",-2.12,"","416800 - Van Van Bui, Školní 78",416800,2.12,"1038 Debrecínská pečeně VB (kg/1)",32100045,"Speciality","Odběratel"]
[1068,"Poličan","kg",1.57,149,15,233.93,269.01949999999999,"N",35.089500000000001,null,null,"2021-02-15",416800,416800,"IČ: 68441894     DIČ: CZ7203259943",0,"Van Van Bui",0,"Školní 78","Libčeves",0,"Van Van Bui",1,3,40,"02_2021",32100045,22100046,32100042,"","",0,"Roman Brousil","Nemá závoz","",-1.57,"","416800 - Van Van Bui, Školní 78",416800,1.57,"1068 Poličan (kg/1)",32100045,"Trvanlivé tepelně neopracované","Odběratel"]
[1006,"Libové párky OA","kg",1.76,77,15,135.52000000000001,155.84800000000001,"N",20.328000000000003,null,null,"2021-02-15",416800,416800,"IČ: 68441894     DIČ: CZ7203259943",0,"Van Van Bui",0,"Školní 78","Libčeves",0,"Van Van Bui",1,3,40,"02_2021",32100045,22100046,32100042,"","",0,"Roman Brousil","Nemá závoz","",-1.76,"","416800 - Van Van Bui, Školní 78",416800,1.76,"1006 Libové párky OA (kg/1)",32100045,"Sekané uzeniny","Odběratel"]
[1050,"Anglická slanina lisovaná","kg",1.76,149,15,262.24,301.57600000000002,"N",39.336000000000006,null,null,"2021-02-15",416800,416800,"IČ: 68441894     DIČ: CZ7203259943",0,"Van Van Bui",0,"Školní 78","Libčeves",0,"Van Van Bui",1,3,40,"02_2021",32100045,22100046,32100042,"","",0,"Roman Brousil","Nemá závoz","",-1.76,"","416800 - Van Van Bui, Školní 78",416800,1.76,"1050 Anglická slanina lisovaná (kg/1)",32100045,"Uzené maso","Odběratel"]
[1030,"Dušená šunka","kg",6.23,89,15,554.47,637.64049999999997,"N",83.170500000000004,null,null,"2021-02-15",999910,999910,"",0,"Maloobchodní prodej",0,0,0,"773266338","Maloobchodní prodej",1,3,40,"02_2021",32100046,22100047,32100043,"","",0,"Roman Brousil","Nemá závoz","",-6.23,"","999910 - Maloobchodní prodej, Žukovova 107/69",999910,6.23,"1030 Dušená šunka (kg/1)",32100046,"Speciality","Odběratel"]
[1156,"Vídeňský šunkový salám","kg",2.09,105,15,219.45,252.36750000000001,"N",32.917499999999997,null,null,"2021-02-15",999910,999910,"",0,"Maloobchodní prodej",0,0,0,"773266338","Maloobchodní prodej",1,3,40,"02_2021",32100046,22100047,32100043,"","",0,"Roman Brousil","Nemá závoz","",-2.09,"","999910 - Maloobchodní prodej, Žukovova 107/69",999910,2.09,"1156 Vídeňský šunkový salám (kg/1)",32100046,"Měkké uzeniny","Odběratel"]
[1015,"HUBERT salám","kg",2.36,123,15,290.27999999999997,333.82199999999995,"N",43.542000000000002,null,null,"2021-02-15",999910,999910,"",0,"Maloobchodní prodej",0,0,0,"773266338","Maloobchodní prodej",1,3,40,"02_2021",32100046,22100047,32100043,"","",0,"Roman Brousil","Nemá závoz","",-2.36,"","999910 - Maloobchodní prodej, Žukovova 107/69",999910,2.36,"1015 HUBERT salám (kg/1)",32100046,"Měkké uzeniny","Odběratel"]
[1099,"Parmeo","kg",0.81,170,15,137.70000000000002,158.35500000000002,"N",20.655000000000005,null,null,"2021-02-15",999910,999910,"",0,"Maloobchodní prodej",0,0,0,"773266338","Maloobchodní prodej",1,3,40,"02_2021",32100046,22100047,32100043,"","",0,"Roman Brousil","Nemá závoz","",-0.81,"","999910 - Maloobchodní prodej, Žukovova 107/69",999910,0.81,"1099 Parmeo (kg/1)",32100046,"Trvanlivé tepelně neopracované","Odběratel"]
[1030,"Dušená šunka","kg",3.14,89,15,279.46000000000004,321.37900000000008,"N",41.919000000000004,null,null,"2021-02-15",999910,999910,"",0,"Maloobchodní prodej",0,0,0,"773266338","Maloobchodní prodej",1,3,40,"02_2021",32100047,22100048,32100044,"","",0,"Roman Brousil","Nemá závoz","",-3.14,"","999910 - Maloobchodní prodej, Žukovova 107/69",999910,3.14,"1030 Dušená šunka (kg/1)",32100047,"Speciality","Odběratel"]
[1022,"Vysočina","kg",0.77,100,15,77,88.55,"N",11.55,null,null,"2021-02-15",999910,999910,"",0,"Maloobchodní prodej",0,0,0,"773266338","Maloobchodní prodej",1,3,40,"02_2021",32100047,22100048,32100044,"","",0,"Roman Brousil","Nemá závoz","",-0.77,"","999910 - Maloobchodní prodej, Žukovova 107/69",999910,0.77,"1022 Vysočina (kg/1)",32100047,"Trvanlivé salámy","Odběratel"]
[1038,"Debrecínská pečeně VB","kg",2.2200000000000002,130,15,288.60000000000002,331.89,"N",43.29,null,null,"2021-02-15",999910,999910,"",0,"Maloobchodní prodej",0,0,0,"773266338","Maloobchodní prodej",1,3,40,"02_2021",32100047,22100048,32100044,"","",0,"Roman Brousil","Nemá závoz","",-2.2200000000000002,"","999910 - Maloobchodní prodej, Žukovova 107/69",999910,2.2200000000000002,"1038 Debrecínská pečeně VB (kg/1)",32100047,"Speciality","Odběratel"]
[1197,"Krušnohorské párky","kg",0.8,119,15,95.2,109.48,"N",14.28,null,null,"2021-02-15",999910,999910,"",0,"Maloobchodní prodej",0,0,0,"773266338","Maloobchodní prodej",1,3,40,"02_2021",32100047,22100048,32100044,"","",0,"Roman Brousil","Nemá závoz","",-0.8,"","999910 - Maloobchodní prodej, Žukovova 107/69",999910,0.8,"1197 Krušnohorské párky (kg/1)",32100047,"Sekané uzeniny","Odběratel"]
[1103,"Šunkové párečky s Nivou","kg",1.35,112,15,151.20000000000002,173.88000000000002,"N",22.680000000000003,null,null,"2021-02-15",999910,999910,"",0,"Maloobchodní prodej",0,0,0,"773266338","Maloobchodní prodej",1,3,40,"02_2021",32100047,22100048,32100044,"","",0,"Roman Brousil","Nemá závoz","",-1.35,"","999910 - Maloobchodní prodej, Žukovova 107/69",999910,1.35,"1103 Šunkové párečky s Nivou (kg/1)",32100047,"Sekané uzeniny","Odběratel"]
[1058,"Debrecínské párky ","kg",1.0900000000000001,98,15,106.82000000000001,122.84300000000002,"N",16.023000000000003,null,null,"2021-02-15",999910,999910,"",0,"Maloobchodní prodej",0,0,0,"773266338","Maloobchodní prodej",1,3,40,"02_2021",32100047,22100048,32100044,"","",0,"Roman Brousil","Nemá závoz","",-1.0900000000000001,"","999910 - Maloobchodní prodej, Žukovova 107/69",999910,1.0900000000000001,"1058 Debrecínské párky  (kg/1)",32100047,"Sekané uzeniny","Odběratel"]
[1005,"Jemné párky OA","kg",1.49,68,15,101.32,116.51799999999999,"N",15.198,null,null,"2021-02-15",999910,999910,"",0,"Maloobchodní prodej",0,0,0,"773266338","Maloobchodní prodej",1,3,40,"02_2021",32100047,22100048,32100044,"","",0,"Roman Brousil","Nemá závoz","",-1.49,"","999910 - Maloobchodní prodej, Žukovova 107/69",999910,1.49,"1005 Jemné párky OA (kg/1)",32100047,"Sekané uzeniny","Odběratel"]
[1019,"Javořické párky","kg",2.1800000000000002,61,15,132.98000000000002,152.92700000000002,"N",19.947000000000003,null,null,"2021-02-15",999910,999910,"",0,"Maloobchodní prodej",0,0,0,"773266338","Maloobchodní prodej",1,3,40,"02_2021",32100047,22100048,32100044,"","",0,"Roman Brousil","Nemá závoz","",-2.1800000000000002,"","999910 - Maloobchodní prodej, Žukovova 107/69",999910,2.1800000000000002,"1019 Javořické párky (kg/1)",32100047,"Sekané uzeniny","Odběratel"]
[1006,"Libové párky OA","kg",1.79,77,15,137.83000000000001,158.50450000000001,"N",20.674500000000002,null,null,"2021-02-15",999910,999910,"",0,"Maloobchodní prodej",0,0,0,"773266338","Maloobchodní prodej",1,3,40,"02_2021",32100047,22100048,32100044,"","",0,"Roman Brousil","Nemá závoz","",-1.79,"","999910 - Maloobchodní prodej, Žukovova 107/69",999910,1.79,"1006 Libové párky OA (kg/1)",32100047,"Sekané uzeniny","Odběratel"]
[1183,"Salátový salám","kg",1.43,38,15,54.339999999999996,62.490999999999993,"N",8.1509999999999998,null,null,"2021-02-15",999910,999910,"",0,"Maloobchodní prodej",0,0,0,"773266338","Maloobchodní prodej",1,3,40,"02_2021",32100047,22100048,32100044,"","",0,"Roman Brousil","Nemá závoz","",-1.43,"","999910 - Maloobchodní prodej, Žukovova 107/69",999910,1.43,"1183 Salátový salám (kg/1)",32100047,"Měkké uzeniny","Odběratel"]
[1013,"Gothajský salám","kg",2.36,55,15,129.79999999999998,149.26999999999998,"N",19.47,null,null,"2021-02-15",999910,999910,"",0,"Maloobchodní prodej",0,0,0,"773266338","Maloobchodní prodej",1,3,40,"02_2021",32100047,22100048,32100044,"","",0,"Roman Brousil","Nemá závoz","",-2.36,"","999910 - Maloobchodní prodej, Žukovova 107/69",999910,2.36,"1013 Gothajský salám (kg/1)",32100047,"Měkké uzeniny","Odběratel"]
[1050,"Anglická slanina lisovaná","kg",2.02,149,15,300.98,346.12700000000007,"N",45.147000000000006,null,null,"2021-02-15",999910,999910,"",0,"Maloobchodní prodej",0,0,0,"773266338","Maloobchodní prodej",1,3,40,"02_2021",32100047,22100048,32100044,"","",0,"Roman Brousil","Nemá závoz","",-2.02,"","999910 - Maloobchodní prodej, Žukovova 107/69",999910,2.02,"1050 Anglická slanina lisovaná (kg/1)",32100047,"Uzené maso","Odběratel"]
[1096,"Šumavská pečeně","kg",5,16,15,80,92,"N",12,null,null,"2021-02-15",999910,999910,"",0,"Maloobchodní prodej",0,0,0,"773266338","Maloobchodní prodej",1,3,40,"02_2021",32100047,22100048,32100044,"","",0,"Roman Brousil","Nemá závoz","",-5,"","999910 - Maloobchodní prodej, Žukovova 107/69",999910,5,"1096 Šumavská pečeně (kg/1)",32100047,"Speciality","Odběratel"]
[1133,"Rio Ebro 100g","ks",5,13.9,15,69.5,79.924999999999997,"N",10.425000000000001,null,null,"2021-02-15",999910,999910,"",0,"Maloobchodní prodej",0,0,0,"773266338","Maloobchodní prodej",1,3,40,"02_2021",32100047,22100048,32100044,"","",0,"Roman Brousil","Nemá závoz","",-5,"","999910 - Maloobchodní prodej, Žukovova 107/69",999910,0.5,"1133 Rio Ebro 100g (ks/0,1)",32100047,"Uzeniny krájené VB","Odběratel"]
[1010,"Anglie 100g","ks",12,16.899999999999999,15,202.79999999999998,233.21999999999997,"N",30.419999999999995,null,null,"2021-02-15",999910,999910,"",0,"Maloobchodní prodej",0,0,0,"773266338","Maloobchodní prodej",1,3,40,"02_2021",32100047,22100048,32100044,"","",0,"Roman Brousil","Nemá závoz","",-12,"","999910 - Maloobchodní prodej, Žukovova 107/69",999910,1.2000000000000002,"1010 Anglie 100g (ks/0,1)",32100047,"Uzeniny krájené VB","Odběratel"]
[1227,"Paprikáš 90g","ks",5,15.9,15,79.5,91.424999999999997,"N",11.925000000000001,null,null,"2021-02-15",999910,999910,"",0,"Maloobchodní prodej",0,0,0,"773266338","Maloobchodní prodej",1,3,40,"02_2021",32100047,22100048,32100044,"","",0,"Roman Brousil","Nemá závoz","",-5,"","999910 - Maloobchodní prodej, Žukovova 107/69",999910,0.44999999999999996,"1227 Paprikáš 90g (ks/0,09)",32100047,"Uzeniny krájené VB","Odběratel"]
[1189,"Turista 100g","ks",5,13.9,15,69.5,79.924999999999997,"N",10.425000000000001,null,null,"2021-02-15",999910,999910,"",0,"Maloobchodní prodej",0,0,0,"773266338","Maloobchodní prodej",1,3,40,"02_2021",32100047,22100048,32100044,"","",0,"Roman Brousil","Nemá závoz","",-5,"","999910 - Maloobchodní prodej, Žukovova 107/69",999910,0.5,"1189 Turista 100g (ks/0,1)",32100047,"Uzeniny krájené VB","Odběratel"]
[1105,"Poličan 90g","ks",5,15.9,15,79.5,91.424999999999997,"N",11.925000000000001,null,null,"2021-02-15",999910,999910,"",0,"Maloobchodní prodej",0,0,0,"773266338","Maloobchodní prodej",1,3,40,"02_2021",32100047,22100048,32100044,"","",0,"Roman Brousil","Nemá závoz","",-5,"","999910 - Maloobchodní prodej, Žukovova 107/69",999910,0.44999999999999996,"1105 Poličan 90g (ks/0,09)",32100047,"Uzeniny krájené VB","Odběratel"]
[1025,"Herkules 90g","ks",5,15.9,15,79.5,91.424999999999997,"N",11.925000000000001,null,null,"2021-02-15",999910,999910,"",0,"Maloobchodní prodej",0,0,0,"773266338","Maloobchodní prodej",1,3,40,"02_2021",32100047,22100048,32100044,"","",0,"Roman Brousil","Nemá závoz","",-5,"","999910 - Maloobchodní prodej, Žukovova 107/69",999910,0.44999999999999996,"1025 Herkules 90g (ks/0,09)",32100047,"Uzeniny krájené VB","Odběratel"]
[1233,"Vysočina 100g VB","ks",5,14.9,15,74.5,85.674999999999997,"N",11.175000000000001,null,null,"2021-02-15",999910,999910,"",0,"Maloobchodní prodej",0,0,0,"773266338","Maloobchodní prodej",1,3,40,"02_2021",32100047,22100048,32100044,"","",0,"Roman Brousil","Nemá závoz","",-5,"","999910 - Maloobchodní prodej, Žukovova 107/69",999910,0.5,"1233 Vysočina 100g VB (ks/0,1)",32100047,"Uzeniny krájené VB","Odběratel"]
[1156,"Vídeňský šunkový salám","kg",2.59,105,15,271.95,312.74250000000001,"N",40.792499999999997,null,null,"2021-02-15",999910,999910,"",0,"Maloobchodní prodej","Ha Giang Dang","Havlíčkovo nám. 20","Třebenice",0,"Maloobchodní prodej",1,3,40,"02_2021",32100048,22100049,32100045,"","",0,"Roman Brousil","Nemá závoz","",-2.59,"","999910 - Maloobchodní prodej, Žukovova 107/69",999910,2.59,"1156 Vídeňský šunkový salám (kg/1)",32100048,"Měkké uzeniny","Odběratel"]
[1185,"Kuřecí šunka z prsou","kg",2.97,110,15,326.70000000000005,375.7050000000001,"N",49.00500000000001,null,null,"2021-02-15",999910,999910,"",0,"Maloobchodní prodej","Ha Giang Dang","Havlíčkovo nám. 20","Třebenice",0,"Maloobchodní prodej",1,3,40,"02_2021",32100048,22100049,32100045,"","",0,"Roman Brousil","Nemá závoz","",-2.97,"","999910 - Maloobchodní prodej, Žukovova 107/69",999910,2.97,"1185 Kuřecí šunka z prsou (kg/1)",32100048,"Drůbeží uzeniny","Odběratel"]
[1002,"Metský salám","kg",1.89,115,15,217.35,249.95249999999999,"N",32.602499999999999,null,null,"2021-02-15",999910,999910,"",0,"Maloobchodní prodej","Ha Giang Dang","Havlíčkovo nám. 20","Třebenice",0,"Maloobchodní prodej",1,3,40,"02_2021",32100048,22100049,32100045,"","",0,"Roman Brousil","Nemá závoz","",-1.89,"","999910 - Maloobchodní prodej, Žukovova 107/69",999910,1.89,"1002 Metský salám (kg/1)",32100048,"Speciality","Odběratel"]
[1044,"Játrový sýr","kg",1.74,92,15,160.08000000000001,184.09200000000001,"N",24.012000000000004,null,null,"2021-02-15",999910,999910,"",0,"Maloobchodní prodej","Ha Giang Dang","Havlíčkovo nám. 20","Třebenice",0,"Maloobchodní prodej",1,3,40,"02_2021",32100048,22100049,32100045,"","",0,"Roman Brousil","Nemá závoz","",-1.74,"","999910 - Maloobchodní prodej, Žukovova 107/69",999910,1.74,"1044 Játrový sýr (kg/1)",32100048,"Vařené uzeniny","Odběratel"]
[1016,"Uzený GOLDI sýr 45%","kg",3.51,109,15,382.59,439.9785,"N",57.388499999999993,null,null,"2021-02-15",999910,999910,"",0,"Maloobchodní prodej","Ha Giang Dang","Havlíčkovo nám. 20","Třebenice",0,"Maloobchodní prodej",1,3,40,"02_2021",32100048,22100049,32100045,"","",0,"Roman Brousil","Nemá závoz","",-3.51,"","999910 - Maloobchodní prodej, Žukovova 107/69",999910,3.51,"1016 Uzený GOLDI sýr 45% (kg/1)",32100048,"Sýry","Odběratel"]
[1206,"GOLDI 30%/45%","kg",13.96,79.900000000000006,15,1115.4040000000002,1282.7146000000002,"N",167.31060000000005,null,null,"2021-02-15",999910,999910,"",0,"Maloobchodní prodej","Ha Giang Dang","Havlíčkovo nám. 20","Třebenice",0,"Maloobchodní prodej",1,3,40,"02_2021",32100048,22100049,32100045,"","",0,"Roman Brousil","Nemá závoz","",-13.96,"","999910 - Maloobchodní prodej, Žukovova 107/69",999910,13.96,"1206 GOLDI 30%/45% (kg/1)",32100048,"Sýry","Odběratel"]
[1013,"Gothajský salám","kg",4.7,55,15,258.5,297.27499999999998,"N",38.774999999999999,null,null,"2021-02-15",999910,999910,"",0,"Maloobchodní prodej","Ha Giang Dang","Havlíčkovo nám. 20","Třebenice",0,"Maloobchodní prodej",1,3,40,"02_2021",32100048,22100049,32100045,"","",0,"Roman Brousil","Nemá závoz","",-4.7,"","999910 - Maloobchodní prodej, Žukovova 107/69",999910,4.7,"1013 Gothajský salám (kg/1)",32100048,"Měkké uzeniny","Odběratel"]
[1183,"Salátový salám","kg",5.76,38,15,218.88,251.71200000000002,"N",32.832000000000001,null,null,"2021-02-15",999910,999910,"",0,"Maloobchodní prodej","Ha Giang Dang","Havlíčkovo nám. 20","Třebenice",0,"Maloobchodní prodej",1,3,40,"02_2021",32100048,22100049,32100045,"","",0,"Roman Brousil","Nemá závoz","",-5.76,"","999910 - Maloobchodní prodej, Žukovova 107/69",999910,5.76,"1183 Salátový salám (kg/1)",32100048,"Měkké uzeniny","Odběratel"]
[1091,"Junior","kg",1.76,59,15,103.84,119.416,"N",15.576000000000001,null,null,"2021-02-15",999910,999910,"",0,"Maloobchodní prodej","Ha Giang Dang","Havlíčkovo nám. 20","Třebenice",0,"Maloobchodní prodej",1,3,40,"02_2021",32100048,22100049,32100045,"","",0,"Roman Brousil","Nemá závoz","",-1.76,"","999910 - Maloobchodní prodej, Žukovova 107/69",999910,1.76,"1091 Junior (kg/1)",32100048,"Měkké uzeniny","Odběratel"]
[1026,"Turistický trvanlivý salám","kg",4.38,105,15,459.9,528.88499999999999,"N",68.984999999999999,null,null,"2021-02-15",999910,999910,"",0,"Maloobchodní prodej","Ha Giang Dang","Havlíčkovo nám. 20","Třebenice",0,"Maloobchodní prodej",1,3,40,"02_2021",32100048,22100049,32100045,"","",0,"Roman Brousil","Nemá závoz","",-4.38,"","999910 - Maloobchodní prodej, Žukovova 107/69",999910,4.38,"1026 Turistický trvanlivý salám (kg/1)",32100048,"Trvanlivé salámy","Odběratel"]
[1159,"Uherák polický","kg",1.76,159,15,279.83999999999997,321.81599999999997,"N",41.975999999999992,null,null,"2021-02-15",999910,999910,"",0,"Maloobchodní prodej","Ha Giang Dang","Havlíčkovo nám. 20","Třebenice",0,"Maloobchodní prodej",1,3,40,"02_2021",32100048,22100049,32100045,"","",0,"Roman Brousil","Nemá závoz","",-1.76,"","999910 - Maloobchodní prodej, Žukovova 107/69",999910,1.76,"1159 Uherák polický (kg/1)",32100048,"Trvanlivé tepelně neopracované","Odběratel"]
[1099,"Parmeo","kg",1.52,170,15,258.39999999999998,297.15999999999997,"N",38.76,null,null,"2021-02-15",999910,999910,"",0,"Maloobchodní prodej","Ha Giang Dang","Havlíčkovo nám. 20","Třebenice",0,"Maloobchodní prodej",1,3,40,"02_2021",32100048,22100049,32100045,"","",0,"Roman Brousil","Nemá závoz","",-1.52,"","999910 - Maloobchodní prodej, Žukovova 107/69",999910,1.52,"1099 Parmeo (kg/1)",32100048,"Trvanlivé tepelně neopracované","Odběratel"]
[1182,"CARNEO","kg",1.52,163,15,247.76,284.92399999999998,"N",37.163999999999994,null,null,"2021-02-15",999910,999910,"",0,"Maloobchodní prodej","Ha Giang Dang","Havlíčkovo nám. 20","Třebenice",0,"Maloobchodní prodej",1,3,40,"02_2021",32100048,22100049,32100045,"","",0,"Roman Brousil","Nemá závoz","",-1.52,"","999910 - Maloobchodní prodej, Žukovova 107/69",999910,1.52,"1182 CARNEO (kg/1)",32100048,"Trvanlivé tepelně neopracované","Odběratel"]
[1007,"Špekáčky ručně vázané OA","kg",6,79,15,474,545.1,"N",71.099999999999994,null,null,"2021-02-15",999910,999910,"",0,"Maloobchodní prodej","Ha Giang Dang","Havlíčkovo nám. 20","Třebenice",0,"Maloobchodní prodej",1,3,40,"02_2021",32100048,22100049,32100045,"","",0,"Roman Brousil","Nemá závoz","",-6,"","999910 - Maloobchodní prodej, Žukovova 107/69",999910,6,"1007 Špekáčky ručně vázané OA (kg/1)",32100048,"Sekané uzeniny","Odběratel"]
[1050,"Anglická slanina lisovaná","kg",3.47,149,15,517.03,594.58449999999993,"N",77.554500000000004,null,null,"2021-02-15",999910,999910,"",0,"Maloobchodní prodej","Ha Giang Dang","Havlíčkovo nám. 20","Třebenice",0,"Maloobchodní prodej",1,3,40,"02_2021",32100048,22100049,32100045,"","",0,"Roman Brousil","Nemá závoz","",-3.47,"","999910 - Maloobchodní prodej, Žukovova 107/69",999910,3.47,"1050 Anglická slanina lisovaná (kg/1)",32100048,"Uzené maso","Odběratel"]
[1071,"Písečan","kg",1.01,169,15,170.69,196.29349999999999,"N",25.6035,null,null,"2021-02-15",999910,999910,"",0,"Maloobchodní prodej","Ha Giang Dang","Havlíčkovo nám. 20","Třebenice",0,"Maloobchodní prodej",1,3,40,"02_2021",32100048,22100049,32100045,"","",0,"Roman Brousil","Nemá závoz","",-1.01,"","999910 - Maloobchodní prodej, Žukovova 107/69",999910,1.01,"1071 Písečan (kg/1)",32100048,"Trvanlivé tepelně neopracované","Odběratel"]
[1092,"Polský salám","kg",1.5,104,15,156,179.4,"N",23.4,null,null,"2021-02-15",999910,999910,"",0,"Maloobchodní prodej","Ha Giang Dang","Havlíčkovo nám. 20","Třebenice",0,"Maloobchodní prodej",1,3,40,"02_2021",32100048,22100049,32100045,"","",0,"Roman Brousil","Nemá závoz","",-1.5,"","999910 - Maloobchodní prodej, Žukovova 107/69",999910,1.5,"1092 Polský salám (kg/1)",32100048,"Trvanlivé salámy","Odběratel"]
[1010,"Anglie 100g","ks",12,16.899999999999999,15,202.79999999999998,233.21999999999997,"N",30.419999999999995,null,null,"2021-02-15",999910,999910,"",0,"Maloobchodní prodej","Ha Giang Dang","Havlíčkovo nám. 20","Třebenice",0,"Maloobchodní prodej",1,3,40,"02_2021",32100048,22100049,32100045,"","",0,"Roman Brousil","Nemá závoz","",-12,"","999910 - Maloobchodní prodej, Žukovova 107/69",999910,1.2000000000000002,"1010 Anglie 100g (ks/0,1)",32100048,"Uzeniny krájené VB","Odběratel"]
[1016,"Uzený GOLDI sýr 45%","kg",0.53,140,15,74.2,85.33,"N",11.13,null,null,"2021-02-15",999910,999910,"",0,"Maloobchodní prodej","Ha Giang Dang","Havlíčkovo nám. 20","Třebenice",0,"Maloobchodní prodej",1,3,40,"02_2021",32100048,22100049,32100045,"","",0,"Roman Brousil","Nemá závoz","",-0.53,"","999910 - Maloobchodní prodej, Žukovova 107/69",999910,0.53,"1016 Uzený GOLDI sýr 45% (kg/1)",32100048,"Sýry","Odběratel"]
[1089,"Uzený sýr 100g","ks",10,16,15,160,184,"N",24,null,null,"2021-02-15",999910,999910,"",0,"Maloobchodní prodej","Ha Giang Dang","Havlíčkovo nám. 20","Třebenice",0,"Maloobchodní prodej",1,3,40,"02_2021",32100048,22100049,32100045,"","",0,"Roman Brousil","Nemá závoz","",-10,"","999910 - Maloobchodní prodej, Žukovova 107/69",999910,10,"1089 Uzený sýr 100g (ks/1)",32100048,"Sýry","Odběratel"]
[1217,"Šunka Lada výběrová VB","kg",0.66,150,15,99,113.85,"N",14.85,null,null,"2021-02-15",999910,999910,"",0,"Maloobchodní prodej","Ha Giang Dang","Havlíčkovo nám. 20","Třebenice",0,"Maloobchodní prodej",1,3,40,"02_2021",32100048,22100049,32100045,"","",0,"Roman Brousil","Nemá závoz","",-0.66,"","999910 - Maloobchodní prodej, Žukovova 107/69",999910,0.66,"1217 Šunka Lada výběrová VB (kg/1)",32100048,"Uzeniny krájené VB","Odběratel"]
[1208,"Kuřecí šunka VB","kg",0.7,130,15,91,104.65,"N",13.65,null,null,"2021-02-15",999910,999910,"",0,"Maloobchodní prodej","Ha Giang Dang","Havlíčkovo nám. 20","Třebenice",0,"Maloobchodní prodej",1,3,40,"02_2021",32100048,22100049,32100045,"","",0,"Roman Brousil","Nemá závoz","",-0.7,"","999910 - Maloobchodní prodej, Žukovova 107/69",999910,0.7,"1208 Kuřecí šunka VB (kg/1)",32100048,"Uzeniny krájené VB","Odběratel"]
[1215,"Debrecínka VB","ks",5,16,15,80,92,"N",12,null,null,"2021-02-15",999910,999910,"",0,"Maloobchodní prodej","Ha Giang Dang","Havlíčkovo nám. 20","Třebenice",0,"Maloobchodní prodej",1,3,40,"02_2021",32100048,22100049,32100045,"","",0,"Roman Brousil","Nemá závoz","",-5,"","999910 - Maloobchodní prodej, Žukovova 107/69",999910,5,"1215 Debrecínka VB (ks/1)",32100048,"Uzeniny krájené VB","Odběratel"]
[1184,"TORRERO","ks",5,16,15,80,92,"N",12,null,null,"2021-02-15",999910,999910,"",0,"Maloobchodní prodej","Ha Giang Dang","Havlíčkovo nám. 20","Třebenice",0,"Maloobchodní prodej",1,3,40,"02_2021",32100048,22100049,32100045,"","",0,"Roman Brousil","Nemá závoz","",-5,"","999910 - Maloobchodní prodej, Žukovova 107/69",999910,0.5,"1184 TORRERO (ks/0,1)",32100048,"Trvanlivé tepelně neopracované","Odběratel"]
[1057,"Moravské uzené","kg",5,16,15,80,92,"N",12,null,null,"2021-02-15",999910,999910,"",0,"Maloobchodní prodej","Ha Giang Dang","Havlíčkovo nám. 20","Třebenice",0,"Maloobchodní prodej",1,3,40,"02_2021",32100048,22100049,32100045,"","",0,"Roman Brousil","Nemá závoz","",-5,"","999910 - Maloobchodní prodej, Žukovova 107/69",999910,5,"1057 Moravské uzené (kg/1)",32100048,"Speciality","Odběratel"]
[1145,"Špekové kostky","kg",1.55,89,15,137.95000000000002,158.64250000000001,"N",20.692500000000006,null,null,"2021-02-15",999910,999910,"",0,"Maloobchodní prodej","Ha Giang Dang","Havlíčkovo nám. 20","Třebenice",0,"Maloobchodní prodej",1,3,40,"02_2021",32100048,22100049,32100045,"","",0,"Roman Brousil","Nemá závoz","",-1.55,"","999910 - Maloobchodní prodej, Žukovova 107/69",999910,1.55,"1145 Špekové kostky (kg/1)",32100048,"Uzené maso","Odběratel"]
[1011,"Gizycko klasek cca 330g","kg",5.45,89,15,485.05,557.8075,"N",72.757499999999993,null,null,"2021-02-15",999910,999910,"",0,"Maloobchodní prodej","Ha Giang Dang","Havlíčkovo nám. 20","Třebenice",0,"Maloobchodní prodej",1,3,40,"02_2021",32100048,22100049,32100045,"","",0,"Roman Brousil","Nemá závoz","",-5.45,"","999910 - Maloobchodní prodej, Žukovova 107/69",999910,5.45,"1011 Gizycko klasek cca 330g (kg/1)",32100048,"Sýry","Odběratel"]
[1006,"Libové párky OA","kg",1.88,77,15,144.76,166.47399999999999,"N",21.713999999999995,null,null,"2021-02-15",999910,999910,"",0,"Maloobchodní prodej","Ngoc Ha Nguyen","Žukovova 107/69","Ústí nad Labem - Střekov",0,"Maloobchodní prodej",1,3,40,"02_2021",32100049,22100050,32100046,"","",0,"Daniel Rautner","Nemá závoz","",-1.88,"","999910 - Maloobchodní prodej, Žukovova 107/69",999910,1.88,"1006 Libové párky OA (kg/1)",32100049,"Sekané uzeniny","Odběratel"]
[1166,"Kostelecký šunkový salám","kg",2.3199999999999998,87,15,201.83999999999997,232.11599999999999,"N",30.275999999999996,null,null,"2021-02-15",999910,999910,"",0,"Maloobchodní prodej","Ngoc Ha Nguyen","Žukovova 107/69","Ústí nad Labem - Střekov",0,"Maloobchodní prodej",1,3,40,"02_2021",32100049,22100050,32100046,"","",0,"Daniel Rautner","Nemá závoz","",-2.3199999999999998,"","999910 - Maloobchodní prodej, Žukovova 107/69",999910,2.3199999999999998,"1166 Kostelecký šunkový salám (kg/1)",32100049,"Měkké uzeniny","Odběratel"]
[1103,"Šunkové párečky s Nivou","kg",3,25,15,75,86.25,"N",11.25,null,null,"2021-02-15",999910,999910,"",0,"Maloobchodní prodej","Ngoc Ha Nguyen","Žukovova 107/69","Ústí nad Labem - Střekov",0,"Maloobchodní prodej",1,3,40,"02_2021",32100049,22100050,32100046,"","",0,"Daniel Rautner","Nemá závoz","",-3,"","999910 - Maloobchodní prodej, Žukovova 107/69",999910,3,"1103 Šunkové párečky s Nivou (kg/1)",32100049,"Sekané uzeniny","Odběratel"]
[1122,"Debrecínské párky VB","ks",3,25,15,75,86.25,"N",11.25,null,null,"2021-02-15",999910,999910,"",0,"Maloobchodní prodej","Ngoc Ha Nguyen","Žukovova 107/69","Ústí nad Labem - Střekov",0,"Maloobchodní prodej",1,3,40,"02_2021",32100049,22100050,32100046,"","",0,"Daniel Rautner","Nemá závoz","",-3,"","999910 - Maloobchodní prodej, Žukovova 107/69",999910,3,"1122 Debrecínské párky VB (ks/1)",32100049,"Uzeniny krájené VB","Odběratel"]
[1013,"Gothajský salám","kg",2.35,55,15,129.25,148.63749999999999,"N",19.387499999999999,null,null,"2021-02-15",999910,999910,"",0,"Maloobchodní prodej","Ngoc Ha Nguyen","Žukovova 107/69","Ústí nad Labem - Střekov",0,"Maloobchodní prodej",1,3,40,"02_2021",32100049,22100050,32100046,"","",0,"Daniel Rautner","Nemá závoz","",-2.35,"","999910 - Maloobchodní prodej, Žukovova 107/69",999910,2.35,"1013 Gothajský salám (kg/1)",32100049,"Měkké uzeniny","Odběratel"]
[1050,"Anglická slanina lisovaná","kg",10.5,149,15,1564.5,1799.175,"N",234.67500000000001,null,null,"2021-02-15",382400,382400,"IČ: 44555334     DIČ: Není plátce DPH",0,"Domov pro seniory Krásné.Březno","Příspěvková organizace","Rozcestí 9","Ústí nad Labem - Krásné Březno",0,"Domov pro seniory Krásné.Březno",1,3,40,"02_2021",32100050,22100051,"","","",0,"Daniel Rautner","Nemá závoz","",-10.5,"","382400 - Domov pro seniory Krásné.Březno, Rozcestí 9",382400,10.5,"1050 Anglická slanina lisovaná (kg/1)",32100050,"Uzené maso","Odběratel"]
[1063,"Vepřová šunka 100g","ks",4.5,145,15,652.5,750.375,"N",97.875,null,null,"2021-02-15",382400,382400,"IČ: 44555334     DIČ: Není plátce DPH",0,"Domov pro seniory Krásné.Březno","Příspěvková organizace","Rozcestí 9","Ústí nad Labem - Krásné Březno",0,"Domov pro seniory Krásné.Březno",1,3,40,"02_2021",32100050,22100051,"","","",0,"Daniel Rautner","Nemá závoz","",-4.5,"","382400 - Domov pro seniory Krásné.Březno, Rozcestí 9",382400,0.45,"1063 Vepřová šunka 100g (ks/0,1)",32100050,"Uzeniny krájené VB","Odběratel"]
[1127,"Eidam cihla","kg",8.8000000000000007,140,15,1232,1416.8,"N",184.8,null,null,"2021-02-15",382400,382400,"IČ: 44555334     DIČ: Není plátce DPH",0,"Domov pro seniory Krásné.Březno","Příspěvková organizace","Rozcestí 9","Ústí nad Labem - Krásné Březno",0,"Domov pro seniory Krásné.Březno",1,3,40,"02_2021",32100050,22100051,"","","",0,"Daniel Rautner","Nemá závoz","",-8.8000000000000007,"","382400 - Domov pro seniory Krásné.Březno, Rozcestí 9",382400,8.8000000000000007,"1127 Eidam cihla (kg/1)",32100050,"Sýry","Odběratel"]
[1030,"Dušená šunka","kg",3.07,89,15,273.22999999999996,314.21449999999999,"N",40.984499999999997,null,null,"2021-02-15",382400,382400,"IČ: 44555334     DIČ: Není plátce DPH",0,"Domov pro seniory Krásné.Březno","Příspěvková organizace","Rozcestí 9","Ústí nad Labem - Krásné Březno",0,"Domov pro seniory Krásné.Březno",1,3,40,"02_2021",32100050,22100051,"","","",0,"Daniel Rautner","Nemá závoz","",-3.07,"","382400 - Domov pro seniory Krásné.Březno, Rozcestí 9",382400,3.07,"1030 Dušená šunka (kg/1)",32100050,"Speciality","Odběratel"]
[1127,"Eidam cihla","kg",3.11,115,15,357.65,411.29750000000001,"N",53.647500000000001,null,null,"2021-02-15",382400,382400,"IČ: 44555334     DIČ: Není plátce DPH",0,"Domov pro seniory Krásné.Březno","Příspěvková organizace","Rozcestí 9","Ústí nad Labem - Krásné Březno",0,"Domov pro seniory Krásné.Březno",1,3,40,"02_2021",32100050,22100051,"","","",0,"Daniel Rautner","Nemá závoz","",-3.11,"","382400 - Domov pro seniory Krásné.Březno, Rozcestí 9",382400,3.11,"1127 Eidam cihla (kg/1)",32100050,"Sýry","Odběratel"]
[1215,"Debrecínka VB","ks",7.5,160,15,1200,1380,"N",180,null,null,"2021-02-15",382400,382400,"IČ: 44555334     DIČ: Není plátce DPH",0,"Domov pro seniory Krásné.Březno","Příspěvková organizace","Rozcestí 9","Ústí nad Labem - Krásné Březno",0,"Domov pro seniory Krásné.Březno",1,3,40,"02_2021",32100050,22100051,"","","",0,"Daniel Rautner","Nemá závoz","",-7.5,"","382400 - Domov pro seniory Krásné.Březno, Rozcestí 9",382400,7.5,"1215 Debrecínka VB (ks/1)",32100050,"Uzeniny krájené VB","Odběratel"]
[1038,"Debrecínská pečeně VB","kg",2.63,135,15,355.05,408.3075,"N",53.2575,null,null,"2021-02-15",382400,382400,"IČ: 44555334     DIČ: Není plátce DPH",0,"Domov pro seniory Krásné.Březno","Příspěvková organizace","Rozcestí 9","Ústí nad Labem - Krásné Březno",0,"Domov pro seniory Krásné.Březno",1,3,40,"02_2021",32100050,22100051,"","","",0,"Daniel Rautner","Nemá závoz","",-2.63,"","382400 - Domov pro seniory Krásné.Březno, Rozcestí 9",382400,2.63,"1038 Debrecínská pečeně VB (kg/1)",32100050,"Speciality","Odběratel"]
[1010,"Anglie 100g","ks",0.1,169,15,16.900000000000002,19.435000000000002,"N",2.5350000000000001,null,null,"2021-02-15",382400,382400,"IČ: 44555334     DIČ: Není plátce DPH",0,"Domov pro seniory Krásné.Březno","Příspěvková organizace","Rozcestí 9","Ústí nad Labem - Krásné Březno",0,"Domov pro seniory Krásné.Březno",1,3,40,"02_2021",32100050,22100051,"","","",0,"Daniel Rautner","Nemá závoz","",-0.1,"","382400 - Domov pro seniory Krásné.Březno, Rozcestí 9",382400,1.0000000000000002E-2,"1010 Anglie 100g (ks/0,1)",32100050,"Uzeniny krájené VB","Odběratel"]
[1203,"Šunkový salám 100g","ks",0.1,149,15,14.9,17.135000000000002,"N",2.2349999999999999,null,null,"2021-02-15",382400,382400,"IČ: 44555334     DIČ: Není plátce DPH",0,"Domov pro seniory Krásné.Březno","Příspěvková organizace","Rozcestí 9","Ústí nad Labem - Krásné Březno",0,"Domov pro seniory Krásné.Březno",1,3,40,"02_2021",32100050,22100051,"","","",0,"Daniel Rautner","Nemá závoz","",-0.1,"","382400 - Domov pro seniory Krásné.Březno, Rozcestí 9",382400,1.0000000000000002E-2,"1203 Šunkový salám 100g (ks/0,1)",32100050,"Uzeniny krájené VB","Odběratel"]
[1063,"Vepřová šunka 100g","ks",0.1,145,15,14.5,16.675000000000001,"N",2.1749999999999998,null,null,"2021-02-15",382400,382400,"IČ: 44555334     DIČ: Není plátce DPH",0,"Domov pro seniory Krásné.Březno","Příspěvková organizace","Rozcestí 9","Ústí nad Labem - Krásné Březno",0,"Domov pro seniory Krásné.Březno",1,3,40,"02_2021",32100050,22100051,"","","",0,"Daniel Rautner","Nemá závoz","",-0.1,"","382400 - Domov pro seniory Krásné.Březno, Rozcestí 9",382400,1.0000000000000002E-2,"1063 Vepřová šunka 100g (ks/0,1)",32100050,"Uzeniny krájené VB","Odběratel"]
[1095,"Čajovky malé","kg",0.74,115,15,85.1,97.864999999999995,"N",12.765000000000001,null,null,"2021-02-15",414800,414800,"IČ: 66673291     DIČ: CZ7701079936",0,"Xuân Tinh Tô","Alf","Školní 590/10","Ústí nad Labem - Bukov",0,"Xuân Tinh Tô",1,3,40,"02_2021",32100051,22100052,32100047,"","",0,"Daniel Rautner","Nemá závoz","",-0.74,"","414800 - Xuân Tinh Tô, Školní 590/10",414800,0.74,"1095 Čajovky malé (kg/1)",32100051,"Speciality","Odběratel"]
[1207,"Tlačenka speciál VB","kg",0.38,113,15,42.94,49.380999999999993,"N",6.4409999999999989,null,null,"2021-02-15",414800,414800,"IČ: 66673291     DIČ: CZ7701079936",0,"Xuân Tinh Tô","Alf","Školní 590/10","Ústí nad Labem - Bukov",0,"Xuân Tinh Tô",1,3,40,"02_2021",32100051,22100052,32100047,"","",0,"Daniel Rautner","Nemá závoz","",-0.38,"","414800 - Xuân Tinh Tô, Školní 590/10",414800,0.38,"1207 Tlačenka speciál VB (kg/1)",32100051,"Uzeniny krájené VB","Odběratel"]
[1218,"Gothaj VB","kg",1.51,70,15,105.7,121.55500000000001,"N",15.855,null,null,"2021-02-15",414800,414800,"IČ: 66673291     DIČ: CZ7701079936",0,"Xuân Tinh Tô","Alf","Školní 590/10","Ústí nad Labem - Bukov",0,"Xuân Tinh Tô",1,3,40,"02_2021",32100051,22100052,32100047,"","",0,"Daniel Rautner","Nemá závoz","",-1.51,"","414800 - Xuân Tinh Tô, Školní 590/10",414800,1.51,"1218 Gothaj VB (kg/1)",32100051,"Uzeniny krájené VB","Odběratel"]
[1208,"Kuřecí šunka VB","kg",0.68,130,15,88.4,101.66,"N",13.26,null,null,"2021-02-15",414800,414800,"IČ: 66673291     DIČ: CZ7701079936",0,"Xuân Tinh Tô","Alf","Školní 590/10","Ústí nad Labem - Bukov",0,"Xuân Tinh Tô",1,3,40,"02_2021",32100051,22100052,32100047,"","",0,"Daniel Rautner","Nemá závoz","",-0.68,"","414800 - Xuân Tinh Tô, Školní 590/10",414800,0.68,"1208 Kuřecí šunka VB (kg/1)",32100051,"Uzeniny krájené VB","Odběratel"]
[1010,"Anglie 100g","ks",7,16.899999999999999,15,118.29999999999998,136.04499999999999,"N",17.744999999999997,null,null,"2021-02-15",414800,414800,"IČ: 66673291     DIČ: CZ7701079936",0,"Xuân Tinh Tô","Alf","Školní 590/10","Ústí nad Labem - Bukov",0,"Xuân Tinh Tô",1,3,40,"02_2021",32100051,22100052,32100047,"","",0,"Daniel Rautner","Nemá závoz","",-7,"","414800 - Xuân Tinh Tô, Školní 590/10",414800,0.70000000000000007,"1010 Anglie 100g (ks/0,1)",32100051,"Uzeniny krájené VB","Odběratel"]
[1217,"Šunka Lada výběrová VB","kg",0.52,150,15,78,89.7,"N",11.7,null,null,"2021-02-15",414800,414800,"IČ: 66673291     DIČ: CZ7701079936",0,"Xuân Tinh Tô","Alf","Školní 590/10","Ústí nad Labem - Bukov",0,"Xuân Tinh Tô",1,3,40,"02_2021",32100051,22100052,32100047,"","",0,"Daniel Rautner","Nemá závoz","",-0.52,"","414800 - Xuân Tinh Tô, Školní 590/10",414800,0.52,"1217 Šunka Lada výběrová VB (kg/1)",32100051,"Uzeniny krájené VB","Odběratel"]
[1049,"Dušená šunka výběrová 100g","ks",2,11,15,22,25.3,"N",3.3,null,null,"2021-02-15",414800,414800,"IČ: 66673291     DIČ: CZ7701079936",0,"Xuân Tinh Tô","Alf","Školní 590/10","Ústí nad Labem - Bukov",0,"Xuân Tinh Tô",1,3,40,"02_2021",32100051,22100052,32100047,"","",0,"Daniel Rautner","Nemá závoz","",-2,"","414800 - Xuân Tinh Tô, Školní 590/10",414800,0.2,"1049 Dušená šunka výběrová 100g (ks/0,1)",32100051,"Uzeniny krájené VB","Odběratel"]
[1215,"Debrecínka VB","ks",4,16,15,64,73.599999999999994,"N",9.6,null,null,"2021-02-15",414800,414800,"IČ: 66673291     DIČ: CZ7701079936",0,"Xuân Tinh Tô","Alf","Školní 590/10","Ústí nad Labem - Bukov",0,"Xuân Tinh Tô",1,3,40,"02_2021",32100051,22100052,32100047,"","",0,"Daniel Rautner","Nemá závoz","",-4,"","414800 - Xuân Tinh Tô, Školní 590/10",414800,4,"1215 Debrecínka VB (ks/1)",32100051,"Uzeniny krájené VB","Odběratel"]
[1224,"Jemné párky VB","kg",4,20,15,80,92,"N",12,null,null,"2021-02-15",414800,414800,"IČ: 66673291     DIČ: CZ7701079936",0,"Xuân Tinh Tô","Alf","Školní 590/10","Ústí nad Labem - Bukov",0,"Xuân Tinh Tô",1,3,40,"02_2021",32100051,22100052,32100047,"","",0,"Daniel Rautner","Nemá závoz","",-4,"","414800 - Xuân Tinh Tô, Školní 590/10",414800,4,"1224 Jemné párky VB (kg/1)",32100051,"Uzeniny krájené VB","Odběratel"]
[1040,"Kuřecí jemné párky VB","kg",5,20,15,100,115,"N",15,null,null,"2021-02-15",414800,414800,"IČ: 66673291     DIČ: CZ7701079936",0,"Xuân Tinh Tô","Alf","Školní 590/10","Ústí nad Labem - Bukov",0,"Xuân Tinh Tô",1,3,40,"02_2021",32100051,22100052,32100047,"","",0,"Daniel Rautner","Nemá závoz","",-5,"","414800 - Xuân Tinh Tô, Školní 590/10",414800,5,"1040 Kuřecí jemné párky VB (kg/1)",32100051,"Uzeniny krájené VB","Odběratel"]
[1019,"Javořické párky","kg",0.85,75,15,63.75,73.3125,"N",9.5625,null,null,"2021-02-15",414800,414800,"IČ: 66673291     DIČ: CZ7701079936",0,"Xuân Tinh Tô","Alf","Školní 590/10","Ústí nad Labem - Bukov",0,"Xuân Tinh Tô",1,3,40,"02_2021",32100051,22100052,32100047,"","",0,"Daniel Rautner","Nemá závoz","",-0.85,"","414800 - Xuân Tinh Tô, Školní 590/10",414800,0.85,"1019 Javořické párky (kg/1)",32100051,"Sekané uzeniny","Odběratel"]
[1024,"Špekáčky VB","kg",1.07,79,15,84.53,97.209500000000006,"N",12.679500000000001,null,null,"2021-02-15",414800,414800,"IČ: 66673291     DIČ: CZ7701079936",0,"Xuân Tinh Tô","Alf","Školní 590/10","Ústí nad Labem - Bukov",0,"Xuân Tinh Tô",1,3,40,"02_2021",32100051,22100052,32100047,"","",0,"Daniel Rautner","Nemá závoz","",-1.07,"","414800 - Xuân Tinh Tô, Školní 590/10",414800,1.07,"1024 Špekáčky VB (kg/1)",32100051,"Uzeniny krájené VB","Odběratel"]
[1226,"Libové párky VB","kg",3,25,15,75,86.25,"N",11.25,null,null,"2021-02-15",414800,414800,"IČ: 66673291     DIČ: CZ7701079936",0,"Xuân Tinh Tô","Alf","Školní 590/10","Ústí nad Labem - Bukov",0,"Xuân Tinh Tô",1,3,40,"02_2021",32100051,22100052,32100047,"","",0,"Daniel Rautner","Nemá závoz","",-3,"","414800 - Xuân Tinh Tô, Školní 590/10",414800,3,"1226 Libové párky VB (kg/1)",32100051,"Uzeniny krájené VB","Odběratel"]
[1122,"Debrecínské párky VB","ks",3,25,15,75,86.25,"N",11.25,null,null,"2021-02-15",414800,414800,"IČ: 66673291     DIČ: CZ7701079936",0,"Xuân Tinh Tô","Alf","Školní 590/10","Ústí nad Labem - Bukov",0,"Xuân Tinh Tô",1,3,40,"02_2021",32100051,22100052,32100047,"","",0,"Daniel Rautner","Nemá závoz","",-3,"","414800 - Xuân Tinh Tô, Školní 590/10",414800,3,"1122 Debrecínské párky VB (ks/1)",32100051,"Uzeniny krájené VB","Odběratel"]